Jubilujúca škola

Bibliographic Details
Format: Article
Language:Slovak
PhysicalDescription:Fotogr.
Subjects:

MARC

LEADER 00000nab a2200000 a 4500
001 vtls008900470
003 SK-MaSNL
005 20260305033100.0
008 171110 2006 xo w n 000 0 slo
015 |a SLLK2006  |2 sllk 
038 |a SLLK 
040 |a SLLK  |b slo  |c sllk  |e AACR2 
041 0 |a slo 
044 |a xo  |c SK 
080 |a 373.3  |2 1997 
245 0 0 |a Jubilujúca škola  |c [autor] (mv) 
300 |b Fotogr. 
610 2 7 |a Základná škola a materská škola (Kamienka, Slovensko)  |x 55. výročie vzniku  |2 snkbucl  |9 1613173 
648 7 |a 2006  |2 snkbucl  |9 313148 
650 0 7 |a školstvo  |2 snkbucl  |9 19712 
651 7 |a Kamienka (Stará Ľubovňa, Slovensko)  |2 snkbucl  |9 163381 
651 7 |a Stará Ľubovňa (Slovensko : okres)  |2 snkbucl  |9 19196 
773 0 |t Ľubovnianske noviny  |g Roč. XXXII, č. 48 (2006), s. 2 
852 |a SLLK  |b KIS3GCP 
999 |c 3322747  |d 3324677